Catálogo público

Ecología, manejo y conservación de los ecosistemas de montañas en México / (Record no. 205274)

MARC details
000 -CABECERA
campo de control de longitud fija 01016nam a2200301Ia 4500
001 - NÚMERO DE CONTROL
campo de control Para_9727
003 - IDENTIFICADOR DEL NÚMERO DE CONTROL
campo de control CHAP
008 - DATOS DE LONGITUD FIJA--INFORMACIÓN GENERAL
campo de control de longitud fija 220125s2008 xx 000 0 und d
010 ## - NÚMERO DE CONTROL DE LA BIBLIOTECA DEL CONGRESO
Número de control de LC 205274
020 ## - NÚMERO INTERNACIONAL ESTÁNDAR DEL LIBRO
Número Internacional Estándar del Libro 978-9-687462-57-8
040 ## - FUENTE DE LA CATALOGACIÓN
Centro/agencia transcriptor CHAP
082 ## - NÚMERO DE LA CLASIFICACIÓN DECIMAL DEWEY
Número de clasificación PA 574.5264072 E26
245 ## - MENCIÓN DE TÍTULO
Título Ecología, manejo y conservación de los ecosistemas de montañas en México /
Mención de responsabilidad, etc. Lázaro Rafael Sánchez-Velásquez, Jorge Galindo-González, Francisco Díaz-Fleischer, editores
260 ## - PUBLICACIÓN, DISTRIBUCIÓN, ETC.
Lugar de publicación, distribución, etc. México :
Nombre del editor, distribuidor, etc. Multi - Prensa
300 ## - DESCRIPCIÓN FÍSICA
Extensión 393 p
650 ## - PUNTO DE ACCESO ADICIONAL DE MATERIA--TÉRMINO DE MATERIA
Término de materia o nombre geográfico como elemento de entrada Ecología forestal
Subdivisión general México
9 (RLIN) 143724
650 ## - PUNTO DE ACCESO ADICIONAL DE MATERIA--TÉRMINO DE MATERIA
Término de materia o nombre geográfico como elemento de entrada Montañas
Subdivisión general México
9 (RLIN) 143725
700 ## - PUNTO DE ACCESO ADICIONAL--NOMBRE DE PERSONA
Nombre de persona Díaz
Número Internacional Normalizado para Publicaciones Seriadas Fleischer, Francisco, ed.
9 (RLIN) 171279
700 ## - PUNTO DE ACCESO ADICIONAL--NOMBRE DE PERSONA
Nombre de persona Galindo
Número Internacional Normalizado para Publicaciones Seriadas González, Jorge, ed.
9 (RLIN) 171280
700 ## - PUNTO DE ACCESO ADICIONAL--NOMBRE DE PERSONA
Nombre de persona Sánchez
Número Internacional Normalizado para Publicaciones Seriadas Velásquez, Lázaro Rafael , ed.
9 (RLIN) 140209
901 ## - ELEMENTOS DE DATOS A LOCAL LDA (RLIN)
a PA 574.5264072 E26
902 ## - ELEMENTOS DE DATOS B LOCAL, LDB (RLIN)
a M
905 ## - ELEMENTOS DE DATOS E LOCAL, LDE (RLIN)
a 5232202008 a 8000000000 06
910 ## - DATOS DE OPCIÓN DEL USUARIO (OCLC)
Datos de opción del usuario 2008
942 ## - ELEMENTOS DE PUNTO DE ACCESO ADICIONAL (KOHA)
Tipo de ítem Koha Parasitologia_
942 ## - ELEMENTOS DE PUNTO DE ACCESO ADICIONAL (KOHA)
Tipo de ítem Koha Parasitologia_
-- 1
Holdings
Estado de retiro Estado de pérdida Fuente del sistema de clasificación o colocación Estado dañado Restricciones de uso No para préstamo Código de colección Localización permanente Ubicación/localización actual Fecha de adquisición Información codificada de la localización en otra ubicación Número de inventario Total de préstamos Signatura topográfica completa Código de barras Fecha visto por última vez Número de copia Precio válido a partir de Tipo de ítem Koha Nota pública
    Dewey Decimal Classification   Préstamo 3 días   General Parasitologia Agricola Parasitologia Agricola 24/08/2011 PARA (PA_09757) (No. UACh C/E)   PA 574.5264072 E26 4102000255 25/01/2022 Ej.1 25/01/2022 Libro 2